00718nam a2200217Ia 450000500170000000800410001704000190005804100120007708200160008910000180010524501020012325000160022526000480024130000150028965000200030465100410032485000100036594200070037599900170038295201010039920210222133052.0131103s9999 xx 000 0 und d aLoreto College aEnglish a954.04bBRA aBrass,Paul R. 4aThe New Cambridge History of India IV.Ib The politics of India since Independence cPaul R.Brass a2nd edition aNew DelhibCambridge University Pressc1990 axx,403 p.  aHistory - India aPolitics Of India since Independence aLCLIB cBK c19182d69661 00102ddc4070aMAINbMAINd2013-11-04l0o954.04 BRA 38881pB20118r2013-11-04w2013-11-04yBK